M-verify: (Record no. 5739)
[ view plain ]
| 000 -LEADER | |
|---|---|
| fixed length control field | 00501nam a22001817a 4500 |
| 003 - CONTROL NUMBER IDENTIFIER | |
| control field | OSt |
| 005 - DATE AND TIME OF LATEST TRANSACTION | |
| control field | 20220107122830.0 |
| 008 - FIXED-LENGTH DATA ELEMENTS--GENERAL INFORMATION | |
| fixed length control field | 170720b xxu||||| |||| 00| 0 eng d |
| 040 ## - CATALOGING SOURCE | |
| Transcribing agency | IIITMK |
| 100 ## - MAIN ENTRY--PERSONAL NAME | |
| Personal name | Prem Thushar, S B (93615010) |
| 9 (RLIN) | 12335 |
| 245 ## - TITLE STATEMENT | |
| Title | M-verify: |
| Remainder of title | Security analysis in android application |
| 300 ## - PHYSICAL DESCRIPTION | |
| Extent | CSIS-Main Project |
| 502 ## - DISSERTATION NOTE | |
| Degree type | CSIS |
| Name of granting institution | 2015-2017 |
| Year degree granted | INT |
| -- | Dr Rajasree M S |
| 650 ## - SUBJECT ADDED ENTRY--TOPICAL TERM | |
| Topical term or geographic name entry element | ANDROID |
| 9 (RLIN) | 12336 |
| 650 ## - SUBJECT ADDED ENTRY--TOPICAL TERM | |
| Topical term or geographic name entry element | CYBER ATTACKS |
| 9 (RLIN) | 12337 |
| 650 ## - SUBJECT ADDED ENTRY--TOPICAL TERM | |
| Topical term or geographic name entry element | GUI |
| 9 (RLIN) | 12338 |
| 942 ## - ADDED ENTRY ELEMENTS (KOHA) | |
| Source of classification or shelving scheme | Dewey Decimal Classification |
| Koha item type | |
| Withdrawn status | Lost status | Source of classification or shelving scheme | Damaged status | Not for loan | Collection code | Home library | Current library | Shelving location | Date acquired | Total Checkouts | Barcode | Date last seen | Price effective from | Koha item type |
|---|---|---|---|---|---|---|---|---|---|---|---|---|---|---|
| Dewey Decimal Classification | Non Fiction | IIITM-K | Kerala University of Digital Sciences, Innovation and Technology Knowledge Centre | 20/07/2017 | R-1270 | 20/07/2017 | 20/07/2017 | Project Reports |